[Event "Platja d'Aro Legends blitz"]
[Site "Platja d'Aro"]
[Date "2019.06.30"]
[Round "9"]
[White "Vaganian, Rafael A"]
[Black "Karpov, Anatoly"]
[Result "1-0"]
[WhiteElo "2526"]
[BlackElo "2617"]
[PlyCount "46"]
[EventDate "2019.06.29"]
[EventType "tourn (blitz)"]
[EventRounds "12"]
[EventCountry "ESP"]
[EventCategory "12"]
[SourceTitle "CBM 191 Extra"]
[Source "ChessBase"]
[SourceDate "2019.09.30"]
[SourceVersion "1"]
[SourceVersionDate "2019.09.30"]
[SourceQuality "1"]

1. d4 Nf6 2. Nf3 e6 3. e3 b6 4. Bd3 Bb7 5. O-O Be7 6. c4 O-O 7. Nc3 d5 8. b3 c5
9. Bb2 cxd4 10. exd4 Nc6 11. Qe2 Nb4 12. Bb1 dxc4 13. bxc4 Rc8 14. Ne5 Qc7 15.
Nb5 Qb8 16. a3 Nc6 17. d5 Na5 18. d6 Bxd6 19. Ng4 Be7 20. Nxf6+ Bxf6 21. Bxf6
gxf6 22. Qg4+ Kh8 23. Qh4 Kg7 1-0

[Event "Platja d'Aro Legends blitz"]
[Site "Platja d'Aro"]
[Date "2019.06.30"]
[Round "11"]
[White "Vaganian, Rafael A"]
[Black "Romanishin, Oleg M"]
[Result "1-0"]
[WhiteElo "2526"]
[BlackElo "2451"]
[PlyCount "43"]
[EventDate "2019.06.29"]
[EventType "tourn (blitz)"]
[EventRounds "12"]
[EventCountry "ESP"]
[EventCategory "12"]
[SourceTitle "CBM 191 Extra"]
[Source "ChessBase"]
[SourceDate "2019.09.30"]
[SourceVersion "1"]
[SourceVersionDate "2019.09.30"]
[SourceQuality "1"]

1. Nf3 d5 2. d4 Nf6 3. c4 dxc4 4. e3 Bg4 5. Bxc4 e6 6. O-O a6 7. a3 c5 8. h3
Bh5 9. dxc5 Qxd1 10. Rxd1 Bxc5 11. b4 Be7 12. Bb2 Nbd7 13. Nbd2 O-O 14. Rdc1
Rfc8 15. Bf1 h6 16. g4 Bg6 17. Bg2 Ne4 18. Nc4 Bh7 19. Nfe5 Nxe5 20. Bxe5 b5
21. Na5 Bf8 22. Bc7 1-0

[Event "Wch Seniors 65 29th"]
[Site "Bucharest"]
[Date "2019.11.21"]
[Round "9"]
[White "Vaganian, Rafael A"]
[Black "Mochalov, Evgeny Veniaminovic"]
[Result "1-0"]
[WhiteElo "2514"]
[BlackElo "2374"]
[PlyCount "115"]
[EventDate "2019.11.12"]
[EventType "swiss"]
[EventRounds "11"]
[EventCountry "ROU"]
[SourceTitle "CBM 193 Extra"]
[Source "ChessBase"]
[SourceDate "2020.01.31"]
[SourceVersion "1"]
[SourceVersionDate "2020.01.31"]
[SourceQuality "1"]

1. Nf3 c5 2. c4 Nc6 3. d4 cxd4 4. Nxd4 g6 5. e4 Bg7 6. Be3 Nxd4 7. Bxd4 Nf6 8.
Nc3 O-O 9. Be2 d6 10. Qd2 Qa5 11. f3 Be6 12. Rc1 Rfc8 13. b3 a6 14. Na4 Qxd2+
15. Kxd2 Nxe4+ 16. Ke3 Bh6+ 17. f4 f5 18. Nb6 Bf7 19. Nxc8 Rxc8 20. g3 e5 21.
Bb6 exf4+ 22. gxf4 Re8 23. Kd3 Bxf4 24. Rcf1 Bh6 25. Rhg1 Nc5+ 26. Bxc5 dxc5
27. Rg2 b5 28. Kc2 bxc4 29. Bxc4 Bxc4 30. bxc4 Bg7 31. Rb1 Bd4 32. h4 Kg7 33.
Kd2 f4 34. Re2 Be3+ 35. Kd3 Rd8+ 36. Ke4 Rd4+ 37. Kf3 Rxc4 38. Rb7+ Kh6 39. h5
Kxh5 40. Rxh7+ Kg5 41. Rf7 Bc1 42. Rg2+ Kh6 43. Kg4 f3+ 44. Kxf3 Bg5 45. Rh2+
Bh4 46. Rf4 Rc3+ 47. Kg4 g5 48. Rf6+ Kg7 49. Rxa6 Rc4+ 50. Kh5 Kf7 51. Rb2 Rb4
52. Rc2 Ke7 53. Rxc5 Kd7 54. Rf5 Ke7 55. Kg6 Bg3 56. Rf7+ Kd8 57. Raa7 Kc8 58.
Rf8# 1-0

[Event "Wch Seniors 65 29th"]
[Site "Bucharest"]
[Date "2019.11.23"]
[Round "11"]
[White "Kristiansen, Jens"]
[Black "Vaganian, Rafael A"]
[Result "0-1"]
[WhiteElo "2411"]
[BlackElo "2514"]
[PlyCount "104"]
[EventDate "2019.11.12"]
[EventType "swiss"]
[EventRounds "11"]
[EventCountry "ROU"]
[SourceTitle "CBM 193 Extra"]
[Source "ChessBase"]
[SourceDate "2020.01.31"]
[SourceVersion "1"]
[SourceVersionDate "2020.01.31"]
[SourceQuality "1"]

1. d4 Nf6 2. c4 e6 3. Nc3 Bb4 4. e3 Bxc3+ 5. bxc3 c5 6. Bd3 d6 7. Ne2 e5 8. O-O
Nc6 9. e4 O-O 10. f3 Nd7 11. Be3 b6 12. f4 Ba6 13. fxe5 dxe5 14. d5 Na5 15. Qa4
Nf6 16. h3 Ne8 17. Ng3 Nd6 18. Nf5 Nxf5 19. Rxf5 Qe8 20. Qc2 Bxc4 21. Raf1 Rd8
22. Qe2 Bxd3 23. Qxd3 Nb7 24. c4 Nd6 25. R5f2 f6 26. Bc1 Rc8 27. g4 h6 28. Qc2
Rb8 29. a4 Qg6 30. Re1 Rfc8 31. Rg2 a6 32. h4 b5 33. axb5 axb5 34. cxb5 Nxb5
35. Qf2 Nd4 36. Rg3 Rb3 37. Rxb3 Nxb3 38. Qf5 Qxf5 39. gxf5 Ra8 40. Bb2 Ra2 41.
Re2 Nd4 42. Rf2 Nb5 43. Kg2 c4 44. Bc1 Ra4 45. Rb2 Nd6 46. Kf3 c3 47. Rb6 Nxe4
48. Be3 Nd2+ 49. Ke2 Nc4 50. Rb8+ Kh7 51. Bc1 Ra1 52. Kd1 Ne3+ 0-1